Влияние ультразвукового воздействия на параметры сухого прессования керамических нанопорошков; Физикохимия ультрадисперсных систем

Dades bibliogràfiques
Parent link:Физикохимия ультрадисперсных систем.— 2000.— С. 174
Autor principal: Хасанов О. Л. Олег Леонидович
Altres autors: Двилис Э. С. Эдгар Сергеевич, Соколов В. М.
Sumari:В фонде НТБ ТПУ отсутствует
Idioma:rus
Publicat: 2000
Matèries:
Format: MixedMaterials Capítol de llibre
KOHA link:https://koha.lib.tpu.ru/cgi-bin/koha/opac-detail.pl?biblionumber=595547

MARC

LEADER 00000naa0a2200000 4500
001 595547
005 20251202102004.0
035 |a (RuTPU)RU\TPU\tpu\16853 
090 |a 595547 
100 |a 20091126d2000 k y0rusy50 ca 
101 0 |a rus 
102 |a RU 
200 1 |a Влияние ультразвукового воздействия на параметры сухого прессования керамических нанопорошков  |f О. Л. Хасанов [и др.] 
333 |a В фонде НТБ ТПУ отсутствует 
463 |t Физикохимия ультрадисперсных систем  |o материалы 5-й Всеросссийской конференции, Екатеринбург, 9-13 октября, 2000  |v С. 174  |d 2000 
610 1 |a труды учёных ТПУ 
700 1 |a Хасанов  |b О. Л.  |c физик, специалист в области наноматериалов  |c профессор Томского политехнического университета, доктор технических наук  |c директор Нано-Центра ТПУ, заведующий кафедрой наноматериалов и нанотехнологий  |f 1958-  |g Олег Леонидович  |3 (RuTPU)RU\TPU\pers\26436  |9 12140 
701 1 |a Двилис  |b Э. С.  |c химик-технолог  |c старший научный сотрудник Томского политехнического университета, профессор, доктор физико-математических наук  |f 1969-  |g Эдгар Сергеевич  |3 (RuTPU)RU\TPU\pers\26838  |4 070  |9 12457 
701 1 |a Соколов  |b В. М. 
801 1 |a RU  |b 63413507  |c 20091126 
801 2 |a RU  |b 63413507  |c 20111003  |g RCR 
942 |c BK